Design of concrete structures / (Record no. 547068)
[ view plain ]
| 000 -LEADER | |
|---|---|
| fixed length control field | 00810pam a2200229 a 4500 |
| 020 ## - INTERNATIONAL STANDARD BOOK NUMBER | |
| International Standard Book Number | 0070465673 : |
| 082 00 - DEWEY DECIMAL CLASSIFICATION NUMBER | |
| Classification number | 624.18341 |
| Author Mark | NIL |
| -- | L-19 P-96 |
| 100 1# - MAIN ENTRY--PERSONAL NAME | |
| Personal name | Nilson, Arthur H. |
| 9 (RLIN) | 20244 |
| 245 10 - TITLE STATEMENT | |
| Title | Design of concrete structures / |
| Statement of responsibility, etc. | Arthur H. Nilson, George Winter. |
| 250 ## - EDITION STATEMENT | |
| Edition statement | 11th ed. |
| 260 ## - PUBLICATION, DISTRIBUTION, ETC. | |
| Place of publication, distribution, etc. | New York : |
| Name of publisher, distributor, etc. | McGraw-Hill, |
| Date of publication, distribution, etc. | c1991. |
| 300 ## - PHYSICAL DESCRIPTION | |
| Extent | xvii, 904 p. : |
| Other physical details | ill. ; |
| Dimensions | 25 cm. |
| 500 ## - GENERAL NOTE | |
| General note | "A textbook originated by L.C. Urquhart and C.E. O'Rourke." |
| 500 ## - GENERAL NOTE | |
| General note | Winter's name appears first on the earlier edition. |
| 526 ## - STUDY PROGRAM INFORMATION NOTE | |
| Program name | 0 |
| Interest level | 0 |
| Reading level | 0 |
| Title point value | 624_183410000000000_NIL |
| 650 #0 - SUBJECT ADDED ENTRY--TOPICAL TERM | |
| Topical term or geographic name entry element | MCE |
| 9 (RLIN) | 379 |
| 650 #0 - SUBJECT ADDED ENTRY--TOPICAL TERM | |
| Topical term or geographic name entry element | Prestressed concrete construction. |
| 9 (RLIN) | 20245 |
| 650 #0 - SUBJECT ADDED ENTRY--TOPICAL TERM | |
| Topical term or geographic name entry element | Reinforced concrete construction. |
| 700 1# - ADDED ENTRY--PERSONAL NAME | |
| Personal name | Urquhart, Leonard Church, |
| 9 (RLIN) | 42273 |
| 700 1# - ADDED ENTRY--PERSONAL NAME | |
| Personal name | Winter, George, |
| 9 (RLIN) | 26880 |
| 942 ## - ADDED ENTRY ELEMENTS (KOHA) | |
| Source of classification or shelving scheme | |
| Koha item type | Book |
| Withdrawn status | Lost status | Source of classification or shelving scheme | Damaged status | Not for loan | Permanent Location | Current Location | Date acquired | Total Checkouts | Total Renewals | Full call number | Barcode | Date last seen | Date last checked out | Price effective from | Koha item type |
|---|---|---|---|---|---|---|---|---|---|---|---|---|---|---|---|
| Military College of Engineering (MCE) | Military College of Engineering (MCE) | 07/01/2014 | 2 | 1 | 624.18341 NIL | MCE-27623 | 06/04/2016 | 05/09/2016 | 07/01/2014 | Book |
